MARC

LEADER 00000nam0a2200000 4500
001 144634
005 20231031143747.0
035 |a (RuTPU)RU\TPU\book\156748 
090 |a 144634 
100 |a 20081007d1979 m y0rusy50 ca 
101 1 |a rus  |c fre 
102 |a RU 
105 |a a z 001zy 
200 1 |a Цепи сверхвысоких частот: теория и применение  |e пер. с фр. 
210 |a Москва  |c Советское радио  |d 1979 
215 |a 288 с.  |c ил. 
320 |a Библиогр.: с. 276-280. 
320 |a Предметный указатель: с. 281-282. 
610 1 |a сверхвысокочастотные электрические цепи 
610 1 |a теория 
610 1 |a применение 
610 1 |a волны 
610 1 |a свойства 
610 1 |a эквивалентная линия 
610 1 |a многополюсники 
610 1 |a двухполюсники 
610 1 |a четырехполюсники 
610 1 |a волноводы 
610 1 |a шестиполюсники 
610 1 |a восьмиполюсники 
675 |a 621.372  |v 3 
700 1 |a Будурис  |b Ж.  |g Жорж 
701 1 |a Шеневье  |b П.  |g Пьер 
801 1 |a RU  |b 63413507  |c 20081007  |g PSBO 
801 2 |a RU  |b 63413507  |c 20160315  |g PSBO 
942 |c BK